LIBRARY & INFORMATION CENTRE, KCAET, TAVANUR

ONLINE PUBLIC ACCESS CATALOGUE (OPAC)

Foundry engineering / (Record no. 2457)

MARC details
000 -LEADER
fixed length control field 00510cam a2200205ua 4500
020 ## - INTERNATIONAL STANDARD BOOK NUMBER
ISBN 0 85226 8513
041 ## - LANGUAGE CODE
Language code of text/sound track or separate title eng
082 ## - DEWEY DECIMAL CLASSIFICATION NUMBER
Classification number 671.2
Item number TAY/FO
100 ## - MAIN ENTRY--AUTHOR NAME
Personal name Taylor, Howard.F .
245 ## - TITLE STATEMENT
Title Foundry engineering /
250 ## - EDITION STATEMENT
Edition statement 1 /
260 ## - PUBLICATION, DISTRIBUTION, ETC. (IMPRINT)
Place of publication :
Name of publisher Wiley Eastern Ltd ,
Year of publication 1993.
300 ## - PHYSICAL DESCRIPTION
Number of Pages 407 ; .
700 1# - ADDED ENTRY--PERSONAL NAME
Personal name Flemings, Merton.C .
700 1# - ADDED ENTRY--PERSONAL NAME
Personal name Wulff, John .
942 ## - ADDED ENTRY ELEMENTS (KOHA)
Koha item type Books
Holdings
Withdrawn status Lost status Damaged status Home library Current library Date acquired Full call number Accession Number Koha item type
      KAUAET KAUAET 07/04/2012 671.2 18566 Books
free website counter